000 00696nam a2200193Ii 4500
003 JO-AjNU
008 230606s9999||||xx |||||||||||||| ||und||
040 _aJO-AjNU
_beng
_erda
_cJO-AjNU
041 _aeng
050 1 4 _aHG4551 2007
100 3 _athe 16th Annual conference,
_eauthor
_93524
245 0 0 _aPapers of International Commercial Arbitration : The most Important Alternatives for Commercial Disputes Resolution Vol.4
264 3 1 _aالامارات: جامعة الامارات ، 2007
300 _aVol.4, 479p
336 _atext
_btxt
_2rdacontent
337 _aunmediated
_bn
_2rdamedia
338 _avolume
_bnc
_2rdacarrier
650 4 _aInternational Commercial Arbitration
_93525
999 _aE1839
_c1839
_d1839